Top 20 Countries with Most Killings by Law Enforcement per Capita - Statistics

General Stats
  • This quiz has been taken 37 times
  • The average score is 11 of 20
Answer Stats
# Killings per 10M people Answer % Correct
20 45 Iraq
90%
8 276 Brazil
84%
1 1829 Venezuela
84%
2 1703 El Salvador
81%
19 47 Democratic Republic of Congo
74%
11 170 Afghanistan
71%
14 76 South Africa
71%
3 819 Syria
71%
5 522 Nicaragua
65%
13 131 Dominican Republic
61%
6 472 Jamaica
55%
4 556 Philippines
48%
12 152 Guyana
45%
9 275 Bahamas
42%
18 56 Saint Lucia
39%
7 339 Trinidad and Tobago
39%
15 64 Central African Republic
35%
16 63 Lesotho
35%
10 181 Saint Vincent and the Grenadines
35%
17 60 Burkina Faso
23%
No matching quizzes found
Score Distribution
Percent of People with Each Score
Percentile by Number Answered
Your Score History
You have not taken this quiz